000 00534nam a2200193Ia 4500
005 20250508152617.0
008 008 250505s9999 xx 000 0 eng d
037 _aTextual
040 _aFEDL
_beng
_cFEDL
041 _aeng
_2eng
084 _a631.4, BEN
_qFEDL
100 _aBennett Hugh Hammond
_9345235
245 0 _aElements of soil conservation
250 _a2
260 _aNew York, USA
_bMcGraw Hill Book Company Inc
_c1955
300 _ax,358p
942 _cTEXL
_h631.4, BEN
999 _c1337585
_d1337585